000 00399nam a2200109Ia 4500
008 171204s9999 xx 000 0 und d
245 _aSecuring The Connected Classroom: Technology Planning To Keep Students
245 _cAbbie H. Brown and Tim D. Green
260 _c2015
650 _xField Study 3: Technology in the Learning Environment
856 _uhttp://down.ebook777.com/007/9781564843548.pdf
999 _c345802
_d345802